Del arbitrio y de la arbitrariedad judicial
Guardado en:
| Autor principal: | |
|---|---|
| Formato: | Desconocido |
| Lenguaje: | inglés español |
| Publicado: |
Madrid, España
Iustel
2005
|
| Edición: | Primera edición |
| Colección: | Biblioteca Jurídica Básica
v.2 |
| Materias: | |
| Etiquetas: |
Agregar Etiqueta
Sin Etiquetas, Sea el primero en etiquetar este registro!
|
MARC
| LEADER | 00000 a2200000 4500 | ||
|---|---|---|---|
| 003 | CL-VaPUC | ||
| 005 | 20240607123843.0 | ||
| 008 | 200114b ||||| |||| 00| 0 eng d | ||
| 999 | |c 376044 |d 376042 | ||
| 020 | |a 8496440052 | ||
| 040 | |c Pontificia Universidad Católica de Valparaíso | ||
| 041 | 0 | |a spa | |
| 082 | |a 345.077 FER 2005 | ||
| 100 | 1 | |a Fernández, Tomás-Ramón |9 604970 | |
| 245 | 1 | 0 | |a Del arbitrio y de la arbitrariedad judicial |
| 250 | |a Primera edición | ||
| 260 | 3 | |b Iustel |c 2005 |a Madrid, España | |
| 300 | |a 134 p | ||
| 490 | 0 | 0 | |a Biblioteca Jurídica Básica |v v.2 |
| 505 | 0 | |a I. Introducción. II. Arbitrio judicial y discrecionalidad de la Administración: dos trayectorias históricas distintas. III. Indeterminación del Derecho y disrecionalidad judicial. IV. La discrecionalidad o arbitrio propiamente dichos. V. Manifestaciones del arbitrio judicial. VI. El control del arbitrio judicial. VII. Reflexión final sobre el poder, la razón y el Derecho. | |
| 583 | |k Hugo Gaete |c 20200114 | ||
| 650 | 0 | 0 | |a Arbitrariedad judicial |9 605770 |
| 650 | 0 | 0 | |a Arbitrio |9 605771 |
| 650 | 0 | 0 | |a DERECHO PENAL |9 11 |
| 650 | 0 | 0 | |a Sentencias |9 256250 |
| 650 | 0 | 0 | |a Normas jurídicas |9 258310 |
| 942 | |2 ddc |c BK | ||
| 952 | |0 0 |1 0 |2 ddc |4 0 |6 345_077000000000000_FER_2005 |7 0 |9 495219 |a BIBDER |b BIBDER |d 2019-12-27 |e 36 |g 9627.00 |i 5568218 |l 1 |o 345.077 FER 2005 |p 5568218 |r 2023-10-16 |s 2023-10-16 |t 1 |v 9627.00 |w 2019-12-27 |y BK |k DER | ||